000 01698cam a2200313 a 4500
001 14235245
003 OSt
005 20180420190623.0
008 060119s2007 enka b 001 0 eng
010 _a 2006001757
020 _a9780415393157 (hardback : alk. paper)
020 _a9780415393393 (pbk. : alk. paper)
020 _a0415393159 (hardback : alk. paper)
020 _a0415393396 (pbk. : alk. paper)
040 _aDLC
_cDLC
_dDLC
082 _a338.9
_bBUL 2007
100 1 _aBull, Benedicte; Desmond McNeill.
_911674
245 1 0 _aDevelopment Issues in Global Governance :
_bpublic-private partnerships and market multilateralism
260 _aLondon ;
_bRoutledge,
_c2007.
300 _axiv, 215 :
_bill. ;
_c23 cm.
504 _aIncludes bibliographical references (p. [178]-192) and index.
505 0 _aThe rise of public-private partnerships in the multilateral system -- Multilateralism and globalization -- Partnerships in context -- Global partnerships for health: health for all, or more "big pharma"? -- Tripartism meets CSR : the ILO's partnership experiments to combat child labor -- Unesco and the software companies : bridging the digital divide, or transforming US dominance? -- Water for all: The World Bank and private water companies -- Market multilateralism : towards a new institutional form?
650 0 _aEconmic development
_911675
650 0 _aInternational agencies.
_911676
856 4 1 _3Table of contents only
_uhttp://www.loc.gov/catdir/toc/ecip066/2006001757.html
856 4 2 _3Publisher description
_uhttp://www.loc.gov/catdir/enhancements/fy0654/2006001757-d.html
906 _a7
_bcbc
_corignew
_d1
_eecip
_f20
_gy-gencatlg
942 _2ddc
_cB_BANK
999 _c5590
_d5590